ბათუმის შოთა რუსთაველის სახელმწიფო უნივერსიტეტის ბიბლიოთეკა

Плодоводство (ბიბ.ჩანაწერი № 45641)

000 -LEADER
fixed length control field 00570nam a2200205Ia 4500
001 - CONTROL NUMBER
control field 12467
003 - CONTROL NUMBER IDENTIFIER
control field GE_BSU
008 - FIXED-LENGTH DATA ELEMENTS--GENERAL INFORMATION
fixed length control field 181216s||||||||xx |||||||||||||| ||und||
040 ## - CATALOGING SOURCE
Transcribing agency GE_BSU
080 ## - UNIVERSAL DECIMAL CLASSIFICATION NUMBER
Universal Decimal Classification number 634.1(075.32)
245 ## - TITLE STATEMENT
Title Плодоводство
245 ## - TITLE STATEMENT
Remainder of title Уч. пособ. для средних сель-хоз учебн. завед
245 ## - TITLE STATEMENT
Statement of responsibility, etc. Под.ред. Трусевича,Г.В..
260 ## - PUBLICATION, DISTRIBUTION, ETC.
Place of publication, distribution, etc. Москва
260 ## - PUBLICATION, DISTRIBUTION, ETC.
Name of publisher, distributor, etc. Колос
260 ## - PUBLICATION, DISTRIBUTION, ETC.
Date of publication, distribution, etc. 1975
300 ## - PHYSICAL DESCRIPTION
Extent 575стр.илл.21см.
653 ## - INDEX TERM--UNCONTROLLED
Uncontrolled term Плодоводство
942 ## - ADDED ENTRY ELEMENTS (KOHA)
Koha item type წიგნი
ეგზემპლარები
Withdrawn status Lost status Damaged status Not for loan Date acquired Barcode Date last seen Price effective from Koha item type
        2018-12-17 20673 2018-12-17 2018-12-17 წიგნი
        2018-12-17 20672 2018-12-17 2018-12-17 წიგნი
        2018-12-17 20578 2018-12-17 2018-12-17 წიგნი